[Event "SVK-chT4 A21 1516"]
[Site "Slovakia"]
[Date "2015.11.08"]
[Round "3.3"]
[White "Miciak, Emanuel"]
[Black "Harasta, Marian"]
[Result "1-0"]
[WhiteElo "1854"]
[BlackElo "1602"]
[PlyCount "71"]
[EventDate "2015.10.04"]
[EventType "team-tourn"]
[EventRounds "11"]
[EventCountry "SVK"]
[SourceTitle "CBM 170 Extra"]
[Source "ChessBase"]
[SourceDate "2016.02.25"]
[SourceVersion "1"]
[SourceVersionDate "2016.02.25"]
[SourceQuality "1"]
[WhiteTeam "Vrbove III"]
[BlackTeam "Skalica III"]
[WhiteTeamCountry "SVK"]
[BlackTeamCountry "SVK"]

1. d4 d5 2. c4 c6 3. Nf3 e6 4. Bg5 Be7 5. Bxe7 Qxe7 6. e3 Nf6 7. Nc3 dxc4 8. Bxc4 Nd5 9. 0-0 Bd7 10. Rc1 0-0 11. Bb3 h6 12. a3 a6 13. Ba2 b5 14. Ne4 a5 15. Nc5 Na6 16. Nxa6 Rxa6 17. Bb1 Rc8 18. Qd3 g6 19. Ne5 Ra7 20. Rc5 b4 21. Rfc1 a4 22. e4 Nf4 23. Qf3 g5 24. g3 bxa3 25. bxa3 Ng6 26. Ng4 Kg7 27. e5 Rf8 28. Nf6 Rc7 29. Qh5 Be8 30. Qg4 Rh8 31. h4 gxh4 32. gxh4 h5 33. Qg5 Rh6 34. Nxh5+ Rxh5 35. Qxh5 Qxh4 36. Bxg6 1-0

[Event "SVK-chT5 SE-SI 1314"]
[Site "Slovakia"]
[Date "2013.11.30"]
[Round "4.2"]
[White "Harasta, Marian"]
[Black "Trojkova, Michaela"]
[Result "0-1"]
[WhiteElo "1619"]
[BlackElo "1455"]
[PlyCount "110"]
[EventDate "2013.10.19"]
[EventType "team-tourn"]
[EventRounds "11"]
[EventCountry "SVK"]
[SourceTitle "EXT 2022"]
[Source "ChessBase"]
[SourceDate "2021.10.06"]
[SourceVersion "1"]
[SourceVersionDate "2021.10.06"]
[SourceQuality "1"]
[WhiteTeam "Skalica V"]
[BlackTeam "Senica CVC"]
[WhiteTeamCountry "SVK"]
[BlackTeamCountry "SVK"]

1. d4 d5 2. c4 e6 3. Qc2 Nf6 4. e3 Bb4+ 5. Nc3 0-0 6. Nf3 Nc6 7. Bd3 dxc4 8. Bxc4 Nd5 9. 0-0 Bxc3 10. bxc3 Nce7 11. Ba3 Re8 12. Ne5 f6 13. Nf3 Bd7 14. Bd3 g6 15. Rab1 Rb8 16. Bc5 b6 17. Ba3 c6 18. Bd6 Rc8 19. Ba6 Nf5 20. Bxc8 Bxc8 21. Ba3 Ng7 22. e4 Nc7 23. Qa4 Ba6 24. Rfe1 Qd7 25. c4 b5 26. cxb5 cxb5 27. Qa5 Bb7 28. Rbc1 Rc8 29. Bc5 a6 30. Bb6 Nce8 31. Rxc8 Qxc8 32. a4 bxa4 33. Qxa4 Nh5 34. Qb4 Nf4 35. Qd2 Nh5 36. d5 exd5 37. exd5 Nd6 38. Rc1 Qd7 39. Bc5 Ne4 40. Qd4 Qxd5 41. Qxd5+ Bxd5 42. Ra1 Nxc5 43. Nd2 Nf4 44. Ra5 Nfd3 45. Ra3 f5 46. f3 Bc6 47. Ra5 Bb5 48. Ra3 Kf7 49. Nb1 Na4 50. Rb3 Ke6 51. Na3 Ndc5 52. Rb1 Nc3 53. Re1+ Kd6 54. Re3 N5a4 55. Re8 Bxe8 0-1

[Event "SVK-chT3A2 0910"]
[Site "Slovakia"]
[Date "2010.01.31"]
[Round "7.6"]
[White "Harasta, Marian"]
[Black "Hanzluvka, Peter"]
[Result "0-1"]
[WhiteElo "1608"]
[BlackElo "2007"]
[PlyCount "76"]
[EventDate "2009.10.18"]
[EventType "team-tourn"]
[EventRounds "11"]
[EventCountry "SVK"]
[SourceTitle "EXT 2011"]
[Source "ChessBase"]
[SourceDate "2010.11.26"]
[SourceVersion "1"]
[SourceVersionDate "2010.11.26"]
[SourceQuality "1"]
[WhiteTeam "Skalica II"]
[BlackTeam "Osuske II"]
[WhiteTeamCountry "SVK"]
[BlackTeamCountry "SVK"]

1. d4 Nf6 2. c4 e6 3. Nc3 d5 4. Nf3 c6 5. Bg5 Be7 6. e3 Nbd7 7. cxd5 cxd5 8. Bb5 a6 9. Ba4 0-0 10. 0-0 h6 11. Bh4 b5 12. Bc2 Bb7 13. a3 Re8 14. Rc1 Rc8 15. Qd3 Nf8 16. Ne5 N6d7 17. Nxd7 Qxd7 18. Bxe7 Qxe7 19. f4 Rc4 20. Rce1 b4 21. Bb3 Rc7 22. Na4 Bc6 23. Nc5 Bb5 24. Qd2 Bxf1 25. Kxf1 bxa3 26. bxa3 Ra8 27. Qd3 Nd7 28. Bc2 f5 29. Nxd7 Qxd7 30. g4 Rac8 31. Bd1 Rc4 32. gxf5 exf5 33. Bf3 Qe6 34. Qb3 Kh7 35. Qb7 R8c6 36. Re2 Rc1+ 37. Kf2 Qg6 38. Re1 R6c2+ 0-1